1985 1332 1825 1354 1363 1003 1996 1574 1928 1785 1399 1986 1933 1019 1301 1262 1573 1951 1146 1748 1031 1553 1355 1207 1732 1658 1875 1814 1458 1228 1556 1044 1085 1527 1299 1742 1025 1357 1422 1663 1556 1284 1965 1239 1932 1181 1958 1617 1221 1275 1418 1852 1312 1824 1774 1888 1808 1762 1269 1194 1467 1688 1601 1468 1449 1343 1761 1311 1404 1806 1622 1507 1865 1201 1268 1335 1770 1160 1328 1194 1373 1645 1732 1205 1090 1313 1706 1141 1088 1705 1737 1092 1063 1879 1883 1168 1610 1389 1768 BCNSPRNW ULIB Ver.6.0+V

เปลี่ยนเป็นภาษาไทย

Change to English
 แสดงรายละเอียดบรรณานุกรม
  กลับหน้าหลัก

Brief Record : Get Marc (ISO 2709) : E-mail record : QR code < ปิดหน้าต่าง
LEADER : 00000nas 2200000uu 4500
001    13399114262
003     ULIB
008    020711s|||| th a 000 0 tha d
022    ^a16863526
110    ^aโรงพยาบาลสวรรค์ประชารักษ์
245    ^aสวรรค์ประชารักษ์เวชสาร /^cโรงพยาบาลสวรรค์ประชารักษ์
260    ^aนครสวรรค์ :^bโรงพยาบาลสวรรค์ประชารักษ์,^cม.ป.ป.
310    ^aรายสี่เดือน
850 ^a ULIB^bฉบับที่ 1 ปีที่ 8 ;ฉบับที่ 2 ปีที่ 8 ;ฉบับที่ 3 ปีที่ 9 ;ฉบับที่ 1 ปีที่ 10 ;ฉบับที่ 2 ปีที่ 10 ฉ.1 ;ฉบับที่ 3 ปีที่ 10 ฉ.1 ;ฉบับที่ 1 ปีที่ 11 ฉ.1
945    ^p0^l0^i900233
945    ^p0^l0^i900436
945    ^p0^l0^i901937
945    ^p0^l0^i901985
945    ^p0^l0^i902373
945    ^p0^l0^i902787
945    ^p0^l0^i903186
รายการนี้ยังไม่มีแท็ก
คุณยังไม่ได้ล็อกอิน คุณสามารถมีกิจกรรมร่วมกับเว็บไซต์ได้ แต่ต้องล็อกอินก่อน ::
  ล็อกอิน

รายการสื่อสารสนเทศ (วารสาร)

ดูแบบ: กล่อง รายการ
ARRIVED
ฉบับที่ 1 ปีที่ 8
สถานที่: ห้องสมุดวิทยาเขตสวรรค์ประชารักษ์ >วารสาร
ARRIVED
ฉบับที่ 2 ปีที่ 8
สถานที่: ห้องสมุดวิทยาเขตสวรรค์ประชารักษ์ >วารสาร
ARRIVED
ฉบับที่ 3 ปีที่ 9
สถานที่: ห้องสมุดวิทยาเขตสวรรค์ประชารักษ์ >วารสาร
ARRIVED
ฉบับที่ 1 ปีที่ 10
สถานที่: ห้องสมุดวิทยาเขตสวรรค์ประชารักษ์ >วารสาร
ARRIVED
ฉบับที่ 2 ปีที่ 10 ฉ.1
สถานที่: ห้องสมุดวิทยาเขตสวรรค์ประชารักษ์ >วารสาร
ARRIVED
ฉบับที่ 3 ปีที่ 10 ฉ.1
สถานที่: ห้องสมุดวิทยาเขตสวรรค์ประชารักษ์ >วารสาร
ARRIVED
ฉบับที่ 1 ปีที่ 11 ฉ.1
สถานที่: ห้องสมุดวิทยาเขตสวรรค์ประชารักษ์ >หนังสือทั่วไป
รายการใกล้เคียง
    ผู้แต่ง []

BibComment


ยังไม่เคยถูกคอมเมนท์

คอมเมนท์ทรัพยากรรายการนี้
  คอมเมนท์: สวรรค์ประชารักษ์..


 Copyright 2026. Bcnsprnw @Library